• 首页
  • 本馆介绍
  • 公告通知
  • 最新文献
  • 馆藏检索
  • 电子资源
  • 读者导购
  • 参考咨询
  • 我的图书馆
  • 登录
  • 详细信息显示
  • 放入我的书架
  • 预约/预借图书
  • 作者相关作品
  • 分类相关作品
  • 丛书相关作品
  • 出版社相关作品

书目信息

  • 表格格式
  • 工作单格式
  • 卡片格式
题名:
工程制图
    
 
作者: 钱文伟 主编
分册:  
出版信息: 北京   航空工业出版社  2006
页数: 246页
开本: 26cm
丛书名:
单 册:
中图分类: TB23
科图分类:
主题词: 工程制图--高等学校--教材 , 工程制图
电子资源:
ISBN: 7-80183-813-0
000 00874nam0 2200265 450
000 00880nam0 2200265 450
000 00813nam0 2200241 450
000 00777nam0 2200229 45
005 20070515143446.09
010    @a7-80183-813-0@dCNY25.00
100    @a20070406d2006 em y0chiy0120 ea
101 0  @achi
102    @aCN@b110000
105    @aa z 000yy
200 1  @a工程制图@AGong Cheng Zhi Tu@f钱文伟主编@FQian Wen Wei Zhu Bian
210    @a北京@c航空工业出版社@d2006
215    @a246页@c图@d26cm
300    @a21世纪高职高专规划教材非机械类专业适用
330    @a本书主要内容包括制图基本知识、立体的投影、组合体、轴测图、机件形状的常用表达方法、标准件与常用件、零件图等。
606 0  @a工程制图@x高等学校@j教材
606 0  @a工程制图
690    @aTB23@v4
701  0 @a钱文伟@AQian Wen Wei@4主编
801  0 @aCN@bTAOJIN@c20070515
905    @a10447@dTB23@e125
    
    工程制图/钱文伟主编.-北京:航空工业出版社,2006
    246页:图;26cm
    21世纪高职高专规划教材非机械类专业适用
    
    ISBN 7-80183-813-0:CNY25.00
    本书主要内容包括制图基本知识、立体的投影、组合体、轴测图、机件形状的常用表达方法、标准件与常用件、零件图等。
●
相关链接 在E读中查询图书 在五车中查询图书 在当当中查询图书 在豆瓣中查询图书


正题名:工程制图     索取号:TB23/125         预约/预借

序号 登录号 条形码 馆藏地/架位号 状态 备注
1 0520341   205203411   第二样本阅览室/ [索取号:TB23/125] 在馆    
2 0520342   205203420   密集书库/ [索取号:TB23/125] 在馆    
3 0520343   205203439   密集书库/ [索取号:TB23/125] 在馆    
4 0520344   205203448   第三借阅区/ [索取号:TB23/125] 在馆    
5 0520345   205203457   第三借阅区/ [索取号:TB23/125] 在馆    
6 0520346   205203466   第三借阅区/ [索取号:TB23/125] 在馆    
7 0520347   205203475   密集书库/ [索取号:TB23/125] 在馆    
8 0520348   205203484   密集书库/ [索取号:TB23/125] 在馆    
唐山师范学院图书馆 欢迎您!
大连网信软件有限公司© 版权所有